Score 0/16 Timer 05:00
1 Play Today
% Correct
Game of Thrones
81.9%
Family Matters
76.5%
Stranger Things
75.1%
Sesame Street
74.1%
Boy Meets World
65.6%
Futurama
60.7%
Laverne & Shirley
57.8%
BoJack Horseman
52.7%
% Correct
Jane the Virgin
52.1%
Trailer Park Boys
51%
My Name Is Earl
49.6%
Psych
46.2%
Malcolm in the Middle
41.5%
Master of None
38.5%
Daredevil
37%
Luke Cage
33.7%

You're not logged in!

Compare scores with friends on all Sporcle quizzes.
OR
Log In

Sporcle TV

Today on Sporcle TV


Watch our educational content, quiz creation guides, and fun videos on Sporcle TV.

Show Comments

Extras

Top Quizzes Today


Score Distribution

Paid Content

Your Account Isn't Verified!

In order to create a playlist on Sporcle, you need to verify the email address you used during registration. Go to your Sporcle Settings to finish the process.

Report this User

Report this user for behavior that violates our Community Guidelines.

Details: